| 000 | 00674nam a2200241Ia 4500 | ||
|---|---|---|---|
| 003 | OSt | ||
| 005 | 20220928113316.0 | ||
| 006 | a|||||r|||| 00| 0 | ||
| 007 | ta | ||
| 008 | 220927b |||||||| |||| 00| 0 eng d | ||
| 024 | _a121441 | ||
| 037 |
_bgifted, 30/01/2014, gifted _cTextual |
||
| 040 |
_aSDCL _cSDCL _beng |
||
| 041 |
_2eng _aeng |
||
| 082 | _aB43, P9 | ||
| 100 | _aBhatia Rajendra | ||
| 245 | 0 | _aNotes on functional analysis. | |
| 260 |
_aNew Delhi _bHindustan Book Agency _c2009 |
||
| 300 |
_avi,237p _ccm. |
||
| 650 |
_aGift _9391569 |
||
| 942 |
_hB43, P9 _cTEXL _2CC |
||
| 999 |
_c748913 _d748913 |
||